00525nam a2200193 a 4500001001300000003000900013005001700022008004100039020001000080082001900090100001900109245006000128260004800188300000900236500003500245505001000280650002200290700001900312nice12345678IN_TiNIC20260116012100.0050524s1903 bera grp 000 0 ger  ac10000a500.80297bSTE aStern, Bernard aMedizin, Aberglaube Und Geschle Chtsleben in Der Turkei aBerlinbVerlag Von Reuther & Reichardc1903 a417p aincludes index and biblioraphy2 aIndex aIslam and Science1 aStern, Bernard